Online
Catalog

Manila, 1571-1898 : (Record no. 6468)

MARC details
000 -CABECERA
campo de control de longitud fija 01098cam a2200265 a 4500
001 - NÚMERO DE CONTROL
campo de control 000006679
005 - FECHA Y HORA DE LA ÚLTIMA TRANSACCIÓN
campo de control 20200929153956.0
008 - DATOS DE LONGITUD FIJA--INFORMACIÓN GENERAL
campo de control de longitud fija 000328s1998 sp ab b f000 0 spa
020 ## - NÚMERO INTERNACIONAL ESTÁNDAR DEL LIBRO
Número Internacional Estándar del Libro 8477903182
040 ## - FUENTE DE LA CATALOGACIÓN
Centro catalogador/agencia de origen DO-SdBNP
Lengua de catalogación spa
Centro/agencia transcriptor BNPHU
082 ## - NÚMERO DE LA CLASIFICACIÓN DECIMAL DEWEY
Número de clasificación 959.916
Número de documento/Ítem M278
245 00 - MENCIÓN DE TÍTULO
Título Manila, 1571-1898 :
Resto del título Occidente en Oriente /
Mención de responsabilidad, etc. [Javier Aguilera Rojas...et al.].
260 ## - PUBLICACIÓN, DISTRIBUCIÓN, ETC.
Lugar de publicación, distribución, etc. [Madrid, España] :
Nombre del editor, distribuidor, etc. Ministerio de Fomento, Secretaría General Técnica, Centro de Publicaciones,
Fecha de publicación, distribución, etc. 1998.
300 ## - DESCRIPCIÓN FÍSICA
Extensión xv, 317 p. :
Otras características físicas il., mapas ;
Dimensiones 29 cm.
504 ## - NOTA DE BIBLIOGRAFÍA, ETC.
Nota de bibliografía, etc. Incluye referencias bibliográficas (p. 293-300).
651 #4 - PUNTO DE ACCESO ADICIONAL DE MATERIA--NOMBRE GEOGRÁFICO
Nombre geográfico Manila (Filipinas{Rpara}
Subdivisión general Historia
9 (RLIN) 18603
650 #4 - PUNTO DE ACCESO ADICIONAL DE MATERIA--TÉRMINO DE MATERIA
Término de materia o nombre geográfico como elemento de entrada Edificios históricos
Subdivisión geográfica Filipinas
-- Manila
9 (RLIN) 18604
650 #4 - PUNTO DE ACCESO ADICIONAL DE MATERIA--TÉRMINO DE MATERIA
Término de materia o nombre geográfico como elemento de entrada Planificación de la ciudad
Subdivisión geográfica Filipinas
-- Manila
Subdivisión general Historia
9 (RLIN) 18605
651 #4 - PUNTO DE ACCESO ADICIONAL DE MATERIA--NOMBRE GEOGRÁFICO
Nombre geográfico Filipinas
Subdivisión general Historia
Subdivisión cronológica 1521-1898.
9 (RLIN) 18606
700 1# - PUNTO DE ACCESO ADICIONAL--NOMBRE DE PERSONA
Nombre de persona Aguilera Rojas, Javier,
Fechas asociadas al nombre 1947-
9 (RLIN) 18607
700 1# - PUNTO DE ACCESO ADICIONAL--NOMBRE DE PERSONA
Nombre de persona Villalonga Campos, Fernando
9 (RLIN) 18608
700 1# - PUNTO DE ACCESO ADICIONAL--NOMBRE DE PERSONA
Nombre de persona Ibáñez Martín, Víctor Calvo Soleto
9 (RLIN) 18609
700 1# - PUNTO DE ACCESO ADICIONAL--NOMBRE DE PERSONA
Nombre de persona Gala Muñoz, Manuel
9 (RLIN) 18610
700 1# - PUNTO DE ACCESO ADICIONAL--NOMBRE DE PERSONA
Nombre de persona Ortíz Armengol, Pedro
9 (RLIN) 18611
Holdings
Estado de retiro Estado de pérdida Restricciones de uso No para préstamo Código de colección Localización permanente Ubicación/localización actual Ubicación en estantería Fecha de adquisición Número de inventario Total de préstamos Signatura topográfica completa Código de barras Fecha visto por última vez Precio válido a partir de Tipo de ítem Koha
        Monografías: Libros y Folletos General General En catalogación 01.09.2009 LF1   959.916 M278 6679-10 25.06.2020 25.06.2020 Préstamo en sala

Powered by Koha